000 01506nam a2200325 a 4500
001 ebr10387093
003 CaPaEBR
006 m u
007 cr cn|||||||||
008 100707s2010 inua s 001 0 eng d
010 _z 2010926829
020 _z9780470607169
020 _z9780470768426 (e-book)
040 _aCaPaEBR
_cCaPaEBR
035 _a(OCoLC)659793321
050 1 4 _aZ253.532.A34
_bG78 2010eb
100 1 _aGruman, Galen.
245 1 0 _aAdobe InDesign CS5 bible
_h[electronic resource] /
_cGalen Gruman.
260 _aIndianapolis, Ind. :
_bWiley Pub., Inc.,
_c2010.
300 _axliv, 891 p. :
_bill. (some col.)
500 _aIncludes index.
505 0 _apt. 1. Welcome to InDesign -- pt. 2. Document fundamentals -- pt. 3. Object fundamentals -- pt. 4. Graphics fundamentals -- pt. 5. Text fundamentals -- pt. 6. Business document fundamentals -- pt. 7. Output fundamentals -- pt. 8. Multimedia fundamentals -- pt. 9. Programming InDesign -- pt. 10. Appendixes.
533 _aElectronic reproduction.
_bPalo Alto, Calif. :
_cebrary,
_d2010.
_nAvailable via World Wide Web.
_nAccess may be limited to ebrary affiliated libraries.
630 0 0 _aAdobe InDesign (Electronic resource)
650 0 _aDesktop publishing.
650 0 _aPresentation graphics software.
655 7 _aElectronic books.
_2local
710 2 _aebrary, Inc.
856 4 0 _uhttp://site.ebrary.com/lib/rucke/Doc?id=10387093
_zAn electronic book accessible through the World Wide Web; click to view
999 _c205499
_d205499